खिलौनों की दावत / (Record no. 207626)

MARC details
000 -LEADER
fixed length control field 00829nam a22001937a 4500
005 - DATE AND TIME OF LATEST TRANSACTION
control field 20241211171422.0
010 ## - LCCN (DPL NO)
LC control number B-761414
020 ## - INTERNATIONAL STANDARD BOOK NUMBER
Terms of availability 300.00
International Standard Book Number 9789395817288
035 ## - SYSTEM CONTROL NUMBER
System control number B-761414
037 ## - SOURCE OF ACQUISITION
Source of stock number/acquisition उपहार
082 ## - DEWEY DECIMAL CLASSIFICATION NUMBER
Classification number
100 ## - MAIN ENTRY--PERSONAL NAME
Personal name प्रकाश मनु
245 ## - TITLE STATEMENT
Title खिलौनों की दावत /
Statement of responsibility, etc प्रकाश मनु
260 ## - PUBLICATION, DISTRIBUTION, ETC. (IMPRINT)
Place of publication, distribution, etc नई दिल्ली
Name of publisher, distributor, etc सस्ता साहित्य मण्डल
Date of publication, distribution, etc 2023
270 ## - ADDRESS
Address एल-77, पहली मंजिल, कनॉट सर्कस
City नई दिल्ली
Postal code 110001
300 ## - PHYSICAL DESCRIPTION
Extent 109पृ.
Dimensions 25सेमी (अजिल्द)
Other physical details सचित्र
942 ## - ADDED ENTRY ELEMENTS (KOHA)
Source of classification or shelving scheme Dewey Decimal Classification
Item type Children Books
Classification part
Call number suffix प्रकाश
Holdings
Withdrawn status Lost status Not for loan Collection code Home library Current library Date acquired Source of acquisition Cost, normal purchase price Full call number Barcode Copy number Cost, replacement price Koha item type Public note
      Fiction Central Library Central Library 11/12/2024 उपहार /06/12/2024 230.00 क प्रकाश B-761414 1 230.00 Children Books उपहार

© Delhi Public Library
Hit Counter
free hit counter